000 01332cam a2200241 4500
001 WB4025-07
008 040629n2004 000 0 eng u
035 _a(Sirsi) u126621
245 _aCommercial and industrial property vacancy rates
260 _c2004
490 _aODPM Statistical Release
_v25 June 2004 (10)
520 _aODPM has released statistics showing vacancy rates for commercial and industrial property in English local authorities for 2001/02 and 2002/03. The average vacancy rate for properties in England as a whole was 8% in 2002/03 with northwest England and the West Midlands at 10% having the highest vacancy rates for the government office regions and southwest England with 6% the lowest. A table of experimental statistics of English vacancy rates from 1998-99 to 2002-03 has also been published at http://www.odpm.gov.uk/stellent/groups/odpm_planni ng/documents/page/odpm_plan_029343.xls. The statistical release is available at http://www.odpm.gov.uk/stellent/groups/odpm_planni ng/documents/page/odpm_plan_029342.pdf.
590 _aWB
590 _aWB
650 _aVACANCY RATES
650 _aWEST MIDLANDS
650 _aINDUSTRIAL MARKET
650 _aNORTHWEST ENGLAND
650 _aSOUTHWEST ENGLAND
650 _aSTATISTICS
690 _aCOMMERCIAL PROPERTY-MARKET
942 _n0
999 _c117605
_d117605